000 00432nam a2200181 a 4500
001 28263
005 20180713231121.0
008 140415s2004 000 0 spa d
020 _a9701037227
041 _aspa
082 _a382
_bRAY
100 1 _aF. RAYPORT ,JEFFREY
245 1 0 _aE-COMMERCE
250 _a1a ed.
260 _a[s.l.] :
_bMC GRAW HILL,
_c2004
300 _a493
_c19 x 3 x 24
520 _aRP
999 _c28263
_d28263